| 000 | 00620nam a22002057a 4500 | ||
|---|---|---|---|
| 003 | OSt | ||
| 005 | 20140310182215.0 | ||
| 008 | 130907t xxu||||| |||| 00| 0 eng d | ||
| 020 | _a0754800406 | ||
| 050 |
_aTX 725 _b.H832 1999 |
||
| 082 |
_aHS 641.3 _bH79 1999 |
||
| 245 |
_aThe hot and spicy cookbook : _bfiery dishes to spice up your kitchen / _cConsultant editor ; Linda Fraser. |
||
| 260 |
_aLondon : _bLorenz Books, _cc1999. |
||
| 300 |
_a96 p. : _bcol. ill. ; _c29 cm. |
||
| 600 |
_aFraser, Linda _916857 |
||
| 650 |
_aCookery. _912409 |
||
| 650 |
_aSpices. _917008 |
||
| 942 |
_2lcc _cHS |
||
| 999 |
_c10578 _d10578 |
||